MARC

LEADER 00000nam0a2200000 4500
001 156488
005 20231031153215.0
035 |a (RuTPU)RU\TPU\book\169729 
090 |a 156488 
100 |a 20090328d1960 km y0rusy50 ca 
101 0 |a rus 
102 |a RU 
105 |a a z 001zy 
200 1 |a Буровзрывные работы при проведении горных выработок  |f Э. О. Миндели 
210 |a Москва  |c Госгортехиздат  |d 1960 
215 |a 455 с.  |c ил. 
320 |a Библиогр.: с. 444-450. 
610 1 |a горное дело 
610 1 |a горные выработки 
610 1 |a проходка 
610 1 |a буровзрывные работы 
610 1 |a взрывные работы 
610 1 |a взрывчатые вещества 
610 1 |a шпуры 
610 1 |a горизонтальные выработки 
675 |a 622.235  |v 3 
700 1 |a Миндели  |b Э. О.  |g Элизбар Онисимович 
801 1 |a RU  |b 63413507  |c 20090328  |g PSBO 
801 2 |a RU  |b 63413507  |c 20100128  |g RCR 
942 |c BK